00521 a2200109 4500082001100000100001900011245011400030260008100144300003600225500009300261856005700354 aMSIT-8 aMuhammad Imran aPerformance Evaluation of Flow Transfer Mode (FTM) with QoS and Comparative Analysis with OBScMuhammad Imran aIslamabadbNUST School of Electrical Engineering and Computer Sciencec2011. axi, 90p.b:illc;27cm.+eCD-ROM aSupervisors: Dr. Khurram Aziz, Dr. S.M. H. Zaidi, Mr. Muhammad Ramzan, Ms. Savera Tanvir uhttp://10.250.8.41:8080/xmlui/handle/123456789/10089